Das Jahr 1898 - Statistiken

Allgemein
  • Dieses Quiz wurde 42 mal gespielt
  • Das Durchschnittsergebnis liegt bei 13 aus 18
Antwortstatistiken
Datum Ereignis im Jahr 1898 % Korrekt
1. Januar Mit der Eingemeindung umliegender Städte, u. a. Brooklyn, wird {New} {York} zur zu diesem Zeitpunkt zweitgrößten Stadt der Welt.
100%
18. Februar Der Rennfahrer und Gründer einer Automarke Enzo {Ferrari} wird in Modena geboren.
94%
9. Juni Großbritannien schließt mit China einen für 99 Jahre geltenden Pachtvertrag über die Stadt {Hongkong}.
94%
10. September In Genf wird Kaiserin {Elisabeth} von Österreich von dem italienischen Anarchisten Luigi Lucheni ermordet.
94%
6. September Wilhelmina wird mit ihrer Volljährigkeit zur Königin der {Niederlande} erklärt, nachdem zuvor seit ihrem zehnten Lebensjahr ihre Mutter für sie regiert hatte.
90%
4. April Der Grasshopper Club aus {Zürich} gewinnt die erstmals ausgetragene Schweizer Fußball-Meisterschaft.
87%
13. August Graf von {Zeppelin} erhält ein Patent auf sein lenkbares Luftschiff.
87%
30. Juli Auf Schloss Friedrichsruh stirbt {Otto} {von} {Bismarck}, der von 1871 bis 1890 erster deutscher Reichskanzler war.
84%
16. Juni Bei der Wahl zum 10. Deutschen Reichstag verzeichnet die {SPD} die größten Zugewinne und wird wie schon fünf Jahre zuvor stärkste Kraft.
84%
26. Dezember Marie und Pierre {Curie} geben ihre Entdeckung des Elements Radium bekannt.
77%
17. März Dem irischen Ingenieur John Philip Holland gelingt es, mit dem von ihm entwickelten weltweit ersten {U}-{Boot} "Holland-1" für eine Stunde und 40 Minuten unter Wasser zu bleiben.
74%
8. April Im {Sudan} gelingt britischen und ägyptischen Truppen ein entscheidender Sieg gegen die aufständischen Mahdisten, die 1885 Khartum erobert hatten.
71%
20. September Der deutsche Schriftsteller {Theodor} {Fontane} ("Effi Briest", "Herr von Ribbeck auf Ribbeck im Havelland") stirbt mit 78 Jahren in Berlin.
68%
25. April Die USA erklären {Spanien} den Krieg und gewinnen innerhalb weniger Monate die Kontrolle über die Philippinen, Purto Rico und weitere Gebiete.
61%
10. Februar In Augsburg kommt der Dichter und Dramatiker {Bertolt} {Brecht} ("Dreigroschenoper", "Der kaukasische Kreidekreis") zur Welt.
58%
13. Januar Mit seiner Schrift "J'accuse" bezieht der französische Schriftsteller Émile {Zola} Stellung in der Dreyfus-Affäre, woraufhin er verhaftet wird.
48%
6. Dezember Emil Berliner gründet in Hannover die Deutsche {Grammophon}-Gesellschaft, die das von ihm erfundene Gerät zum Abspielen von Schallplatten vertreiben soll; heute ist das Unternehmen ein Label für klassische Musik.
42%
1. Juni Zusammen mit dem französischen Spitzenkoch Auguste Escoffier eröffnet der Schweizer César {Ritz} in Paris ein nach ihm benanntes Luxushotel.
32%
Keine übereinstimmenden Quizze gefunden
Verteilung der Resultate
Anzahl Personen mit jedem Resultat
Perzentil nach korrekt beantworteten Fragen
Ihre Resultats-Entwicklung
Sie haben dieses Quiz noch nicht gespielt